000 01179nam a22003017i 4500
003 EG-GICUC
005 20260302144222.0
008 260217s2000 ua |||fr|||| 000 0 ara d
040 _a EG-GICUC
_bara
_c EG-GICUC
_d EG-GICUC
_erda
041 0 _aara
082 0 4 _221
_a341.75
_bم ح . ت
092 0 4 _221
099 _aLaw1 11 341.75 م ح . ت 2000
100 0 _aمحمد محمود الإمام
_eمؤلف.
245 1 2 _a /التكامل الاقتصادي الإقليمي بين النظرية والتطبيق
_cتأليف محمد محمود الإمام .
264 1 _a[مكان النشر غير محدد] :
_b[الناشر غير محدد],
_c2000.
300 _a450 صفحة ؛
_c24 سم
336 _2rda content
_atext
337 _2rda media
_aComputer
338 _2rda carrier
_aOnline Resource
504 _a.يشتمل على إرجاعات ببيلوجرافية
546 _aالنص باللغة العربية
650 1 4 _aالقانون الدولي العام
_vالمنظمات الإقليمية
_2qrmak
651 1 _2qrmak
856 4 0 _uhttps://fll.law.cu.edu.eg/fulltext/bks/B11-07799.pdf
905 _a56
942 _2ddc
_cBK
_e21
_n0
999 _c63357
_d63357